| 000 | 00947nam a22002177a 4500 | ||
|---|---|---|---|
| 003 | BDDh-ASL | ||
| 005 | 20231016062622.0 | ||
| 008 | 230718s b ||||| |||| 00| 0 b d | ||
| 040 | _cBDDh-ASL | ||
| 041 | _aben | ||
| 082 |
_a920.71 _bAHK |
||
| 100 | 1 |
_aআহসান, মোস্তফা তারিকুল _cড. _98325 |
|
| 245 | 1 | 0 |
_aক্ষেপুউল্লাহ বয়াতির জীবন ও সাহিত্যকর্ম: _b(১৮৭৯-১৯৪২) / |
| 246 | _aKhepullah Boyatir Jibon O Sahityakormo. | ||
| 260 |
_aঢাকা: _bনন্দিতা প্রকাশ, _c২০১৪। |
||
| 300 |
_a১১২ পৃষ্ঠা: _c২২ সে.মি. |
||
| 600 | 1 | 0 |
_aবয়াতি, ক্ষেপুউল্লাহ _98326 |
| 650 | 0 |
_abiographical dictionary - চরিতাভিধান _94665 |
|
| 700 | 1 |
_aপিন্টু, আশরাফ _cড. _96988 |
|
| 942 |
_2ddc _cBK |
||
| 999 |
_c34373 _d34373 |
||